[Event "Robinson Cup 2017"]
[Site "Cardiff"]
[Date "2017.07.24"]
[Round "1.1"]
[White "Murphy, Adam"]
[Black "Melaugh, Gavin"]
[Result "0-1"]
[WhiteElo "1526"]
[BlackElo "1907"]
[PlyCount "128"]
[EventDate "2017.07.24"]
[EventType "team-tourn"]
[EventCountry "WLS"]
[SourceDate "2017.07.26"]

1. d4 Nf6 2. Nf3 g6 3. Nbd2 Bg7 4. e4 d6 5. Bd3 O-O 6. O-O Nbd7 7. c3 e5 8. Re1
Nh5 9. Nf1 Nf4 10. Bxf4 exf4 11. Qd2 g5 12. h3 Re8 13. N1h2 Nf8 14. Re2 h5 15.
e5 g4 16. Ne1 dxe5 17. dxe5 Qg5 18. h4 Qh6 19. f3 g3 20. Nf1 Rxe5 21. Rxe5 Bxe5
22. Nxg3 Qb6+ 23. Kh1 fxg3 24. Qg5+ Bg7 25. Rb1 Qd6 26. Rd1 Qe5 27. Qd2 Qf6 28.
Qg5 Qxg5 29. hxg5 Be6 30. Be4 c6 31. a3 Ng6 32. Bxg6 fxg6 33. Rd6 Bf5 34. Kg1
Be5 35. Rd1 Bf4 36. Kf1 Bxg5 37. Rd4 Be3 38. Rd1 Bf2 39. Nd3 Bxd3+ 40. Rxd3 Re8
41. Rd1 Kf7 42. Rd7+ Kf6 43. Rd6+ Kf5 44. Rd1 g5 45. b4 g4 46. c4 gxf3 47. gxf3
Re1+ 48. Rxe1 Bxe1 49. Kxe1 Kf4 50. Ke2 h4 51. a4 a6 52. a5 h3 53. b5 cxb5 54.
c5 h2 55. c6 bxc6 56. Kd3 h1=Q 57. Kc3 Qxf3+ 58. Kb4 Qd5 59. Ka3 g2 60. Kb2
g1=Q 61. Kc3 Qgd4+ 62. Kc2 Q5c4+ 63. Kb1 Qd2 64. Ka1 Qcc1# 0-1

[Event "Robinson Cup 2017"]
[Site "Cardiff"]
[Date "2017.07.24"]
[Round "1.2"]
[White "Ruchko, Denis"]
[Black "Hunter, Sean"]
[Result "1/2-1/2"]
[WhiteElo "1774"]
[BlackElo "1562"]
[PlyCount "53"]
[EventDate "2017.07.24"]
[EventType "team-tourn"]
[EventCountry "WLS"]
[SourceDate "2017.07.26"]

1. d4 Nf6 2. c4 e6 3. Nc3 Bb4 4. Qc2 b6 5. Nf3 Bb7 6. a3 Bxc3+ 7. Qxc3 d6 8.
Bg5 Nbd7 9. e3 O-O 10. Be2 Rc8 11. Rd1 Ne4 12. Bxd8 Nxc3 13. bxc3 Rcxd8 14. Bd3
f5 15. Ke2 Nf6 16. h4 Ne4 17. Bxe4 Bxe4 18. Ng5 Rde8 19. d5 exd5 20. cxd5 h6
21. Nf3 Bxf3+ 22. gxf3 Re5 23. Rhg1 Rf6 24. Rd4 a5 25. a4 Re7 26. Rc4 Kh7 27.
h5 1/2-1/2

[Event "Robinson Cup 2017"]
[Site "Cardiff"]
[Date "2017.07.24"]
[Round "1.4"]
[White "Naughton, James"]
[Black "Fitzgerald, Niall"]
[Result "1-0"]
[WhiteElo "1783"]
[BlackElo "1518"]
[PlyCount "57"]
[EventDate "2017.07.24"]
[EventType "team-tourn"]
[EventCountry "WLS"]
[SourceDate "2017.07.26"]
[BlackTeam "IRL B"]

1. e4 e5 2. Nf3 Nc6 3. Bc4 Bc5 4. d3 Nf6 5. Nc3 d6 6. Bg5 Be6 7. Nd5 h6 8. Bxf6
gxf6 9. Nh4 f5 10. Nxf5 Bxf5 11. exf5 Nd4 12. Ne3 Qg5 13. h4 Qf6 14. Qh5 c6 15.
c3 d5 16. cxd4 Bb4+ 17. Kf1 dxc4 18. dxe5 Qxe5 19. Nxc4 Qd4 20. Qe2+ Kd7 21.
Qe3 Qd5 22. Qe4 Qb5 23. Ne5+ Kc7 24. Nxf7 Rhe8 25. Qf4+ Kb6 26. Qc4 Qa5 27.
Nxh6 Re7 28. a3 Rae8 29. Qxb4+ 1-0

[Event "Robinson Cup 2017"]
[Site "Cardiff"]
[Date "2017.07.24"]
[Round "1.5"]
[White "Phelan, Leo"]
[Black "Gupta, Utkarsh"]
[Result "1/2-1/2"]
[WhiteElo "1572"]
[BlackElo "1637"]
[PlyCount "65"]
[EventDate "2017.07.24"]
[EventType "team-tourn"]
[EventCountry "WLS"]
[SourceDate "2017.07.26"]
[BlackTeam "IRL A"]

1. e4 e6 2. d4 d5 3. exd5 exd5 4. Bd3 Bd6 5. Ne2 Nf6 6. O-O O-O 7. Bf4 Bg4 8.
f3 Bh5 9. Bxd6 Qxd6 10. Ng3 Bg6 11. Re1 Nc6 12. c3 Rfe8 13. Bxg6 fxg6 14. Nd2
Rxe1+ 15. Qxe1 Re8 16. Qf2 Qe7 17. Kf1 Nd8 18. Re1 Qxe1+ 19. Qxe1 Rxe1+ 20.
Kxe1 Ne6 21. Ne2 Kf7 22. Kf2 g5 23. g4 Nf4 24. Nxf4 gxf4 25. h4 h6 26. Nb3 b6
27. Nc1 g5 28. h5 Nd7 29. Nd3 c5 30. Ke2 Ke6 31. a3 a5 32. b3 Kd6 33. Kd2
1/2-1/2

[Event "Robinson Cup 2017"]
[Site "Cardiff"]
[Date "2017.07.24"]
[Round "1.1"]
[White "Salmons, Calum"]
[Black "Rachid, Alexandre"]
[Result "0-1"]
[WhiteElo "1745"]
[BlackElo "2044"]
[PlyCount "74"]
[EventDate "2017.07.24"]
[EventType "team-tourn"]
[EventCountry "WLS"]
[SourceDate "2017.07.26"]

1. e4 c5 2. Nc3 e6 3. g4 Nc6 4. Bg2 d6 5. d3 Nge7 6. f4 Ng6 7. Nf3 Nh4 8. O-O
Nxg2 9. Kxg2 Be7 10. Be3 b6 11. f5 h5 12. h3 hxg4 13. hxg4 Ne5 14. Nxe5 dxe5
15. Rh1 Rg8 16. Qf3 Rb8 17. Rh7 Bg5 18. Rah1 Bxe3 19. Qxe3 exf5 20. gxf5 Bb7
21. Qg3 Qf6 22. R1h6 Qxf5 23. Rh5 g5 24. Nb5 Rd8 25. R5h6 Bxe4+ 26. dxe4 Qxe4+
27. Qf3 Qxc2+ 28. Kg3 Rd3 29. Nd6+ Kd8 30. Nxf7+ Kc8 31. Nd6+ Kb8 32. Rb7+ Ka8
33. Rf7+ Rxf3+ 34. Rxf3 g4 35. Rb3 Qc1 36. Rh2 Qf4+ 37. Kg2 g3 0-1

[Event "Robinson Cup 2017"]
[Site "Cardiff"]
[Date "2017.07.24"]
[Round "1.2"]
[White "Bassini, Emile"]
[Black "Howell, Oliver W"]
[Result "1-0"]
[WhiteElo "2028"]
[BlackElo "1701"]
[PlyCount "41"]
[EventDate "2017.07.24"]
[EventType "team-tourn"]
[EventCountry "WLS"]
[SourceDate "2017.07.26"]
[WhiteTeam "FRA"]
[BlackTeam "ENG"]

1. d4 e6 2. e4 d5 3. Nd2 Nf6 4. e5 Nfd7 5. f4 c5 6. c3 Nc6 7. Ndf3 Be7 8. Bd3
Qb6 9. Ne2 cxd4 10. cxd4 a5 11. Kf2 a4 12. Kg3 a3 13. bxa3 Bxa3 14. Rb1 Qd8 15.
Nc3 O-O 16. Bxh7+ Kxh7 17. Ng5+ Kh6 18. Qg4 Nf6 19. exf6 Kg6 20. Nh7+ Kxh7 21.
Qxg7# 1-0

[Event "Robinson Cup 2017"]
[Site "Cardiff"]
[Date "2017.07.24"]
[Round "1.3"]
[White "Watson, Mikey J"]
[Black "Motoyama, Enzo-Ryadh"]
[Result "1-0"]
[WhiteElo "1719"]
[BlackElo "1974"]
[PlyCount "77"]
[EventDate "2017.07.24"]
[EventType "team-tourn"]
[EventCountry "WLS"]
[SourceDate "2017.07.26"]

1. Nf3 Nf6 2. c4 g6 3. Nc3 d5 4. d4 Bg7 5. cxd5 Nxd5 6. e4 Nxc3 7. bxc3 O-O 8.
Be3 c5 9. Be2 Nc6 10. O-O Qa5 11. Qb3 cxd4 12. cxd4 Bg4 13. Rad1 Rad8 14. d5
Ne5 15. Nd4 Bxe2 16. Nxe2 Qa6 17. Ng3 h5 18. Bg5 Rfe8 19. f4 Nc4 20. Kh1 Rc8
21. f5 f6 22. Bc1 h4 23. Ne2 g5 24. Nd4 Kh8 25. Ne6 Ne5 26. a3 Rc4 27. Qe3 Rc2
28. Bd2 Kg8 29. Bb4 Re2 30. Qc3 Rxe4 31. Nc7 Qa4 32. Nxe8 Qxe8 33. Qc5 Bf8 34.
d6 Rc4 35. Qd5+ Kg7 36. Qxb7 Nc6 37. dxe7 Bxe7 38. Bxe7 Qxe7 39. Rd7 1-0

[Event "Robinson Cup 2017"]
[Site "Cardiff"]
[Date "2017.07.24"]
[Round "1.4"]
[White "Randrianarimanana, Alicia"]
[Black "Atara, Omeet J"]
[Result "1-0"]
[WhiteElo "1752"]
[BlackElo "1616"]
[PlyCount "131"]
[EventDate "2017.07.24"]
[EventType "team-tourn"]
[EventCountry "WLS"]
[SourceDate "2017.07.26"]
[BlackTeam "ENG A"]

1. d4 d5 2. Nf3 Nf6 3. Bf4 c5 4. c3 Nc6 5. e3 e6 6. Bd3 Bd6 7. Bxd6 Qxd6 8.
Nbd2 O-O 9. O-O e5 10. dxc5 Qxc5 11. e4 dxe4 12. Nxe4 Nxe4 13. Bxe4 Bg4 14. Qb3
Rab8 15. Qa4 f5 16. Ng5 fxe4 17. Qb3+ Kh8 18. Nf7+ Rxf7 19. Qxf7 Rf8 20. Qxb7
e3 21. fxe3 Rb8 22. Qf7 Qxe3+ 23. Kh1 h6 24. Qg6 Qg5 25. Qxc6 Rxb2 26. Qa8+ Kh7
27. Qe4+ Qg6 28. Qxg6+ Kxg6 29. h3 Be6 30. a3 Bd5 31. Rg1 Rb3 32. Rgd1 Be4 33.
Re1 Kf5 34. Re3 Bc6 35. Rf1+ Ke6 36. Rfe1 e4 37. c4 Rxe3 38. Rxe3 Ke5 39. Kg1
Kd4 40. Kf2 Kxc4 41. h4 Kd4 42. Rg3 g5 43. hxg5 hxg5 44. Rxg5 e3+ 45. Ke1 a6
46. g3 Ke4 47. Ra5 Kf3 48. Rxa6 Be4 49. Re6 Bc2 50. g4 Kxg4 51. Rxe3 Kf5 52.
Kd2 Be4 53. Rb3 Ke5 54. Kc3 Kd6 55. a4 Bd5 56. Rb1 Kc7 57. a5 Bb7 58. Kc4 Kc6
59. Rb6+ Kc7 60. Kc5 Bh1 61. a6 Ba8 62. Rg6 Be4 63. Rg7+ Kb8 64. Kb6 Bd5 65.
Rh7 Bb7 66. Rh8+ 1-0

[Event "Robinson Cup 2017"]
[Site "Cardiff"]
[Date "2017.07.24"]
[Round "1.5"]
[White "Jaufarally, Nadia"]
[Black "Moracchini, Margaux"]
[Result "1/2-1/2"]
[WhiteElo "1657"]
[BlackElo "1673"]
[PlyCount "121"]
[EventDate "2017.07.24"]
[EventType "team-tourn"]
[EventCountry "WLS"]
[SourceDate "2017.07.26"]

1. d4 Nf6 2. Bf4 g6 3. e3 Bg7 4. Be2 d6 5. h3 O-O 6. Nf3 Nbd7 7. O-O b6 8. c3
Bb7 9. Nbd2 c5 10. a4 Rc8 11. a5 Ne4 12. Nxe4 Bxe4 13. Nd2 Bb7 14. axb6 axb6
15. Bh2 Ra8 16. Qb3 Qc7 17. Bf3 Bxf3 18. Nxf3 Ra7 19. Ra4 Rfa8 20. Rfa1 Qb7 21.
Rxa7 Rxa7 22. Rxa7 Qxa7 23. Bg3 h6 24. Nh4 Kf8 25. Nf3 Nf6 26. Nd2 Qa6 27. Nc4
Nd7 28. Qa3 Qxa3 29. Nxa3 cxd4 30. exd4 d5 31. Bc7 h5 32. Nc2 e5 33. dxe5 Bxe5
34. Bxe5 Nxe5 35. Nb4 Nc4 36. Nxd5 Nxb2 37. Nxb6 Ke7 38. Nd5+ Kd6 39. Ne3 Na4
40. c4 Nb2 41. g4 hxg4 42. hxg4 Kc5 43. Kg2 Nxc4 44. Nxc4 Kxc4 45. Kf3 Kd4 46.
Kf4 f6 47. f3 Kd5 48. g5 f5 49. Ke3 Kc4 50. Kd2 Kd4 51. Ke2 Kc3 52. Ke3 Kc4 53.
Kd2 Kd4 54. Ke2 f4 55. Kd2 Kc4 56. Kc2 Kd4 57. Kd2 Ke5 58. Kd3 Kf5 59. Kd4 Kxg5
60. Ke4 Kh4 61. Kxf4 1/2-1/2

[Event "Robinson Cup 2017"]
[Site "Cardiff"]
[Date "2017.07.24"]
[Round "1.6"]
[White "Chemla, Anouk"]
[Black "Rahulan, Thivyaa"]
[Result "1/2-1/2"]
[WhiteElo "1642"]
[BlackElo "1623"]
[PlyCount "95"]
[EventDate "2017.07.24"]
[EventType "team-tourn"]
[EventCountry "WLS"]
[SourceDate "2017.07.26"]

1. Nf3 f5 2. d3 g6 3. e4 d6 4. e5 dxe5 5. Nxe5 Bg7 6. d4 Be6 7. Bf4 Nf6 8. Be2
Nbd7 9. Nc3 c6 10. Qd2 Nb6 11. Rd1 Nfd5 12. Bh6 Bf6 13. h4 Rg8 14. Bg5 Qc7 15.
Bxf6 exf6 16. Nc4 Nxc3 17. Qxc3 Nd5 18. Qa3 b5 19. Ne3 O-O-O 20. Qa6+ Qb7 21.
Bxb5 Nb4 22. Qxb7+ Kxb7 23. Ba4 f4 24. Nf1 Rge8 25. f3 Bb3+ 26. Kf2 Bxa4 27. b3
Bb5 28. c4 Ba6 29. Rd2 Nxa2 30. Rxa2 Rxd4 31. Re2 Rxe2+ 32. Kxe2 Kb6 33. Nd2 f5
34. Ra1 Bb7 35. b4 a6 36. Ra3 Bc8 37. Rd3 Rxd3 38. Kxd3 c5 39. Kc3 cxb4+ 40.
Kxb4 a5+ 41. Kc3 Bd7 42. Nb1 Kc5 43. Na3 a4 44. Nc2 h6 45. Ne1 g5 46. hxg5 hxg5
47. Nd3+ Kd6 48. Kb4 1/2-1/2

[Event "Robinson Cup 2017"]
[Site "Cardiff"]
[Date "2017.07.24"]
[Round "1.1"]
[White "Guha, Chirag"]
[Black "Sanger, Jake M"]
[Result "1/2-1/2"]
[WhiteElo "1776"]
[BlackElo "1794"]
[PlyCount "54"]
[EventDate "2017.07.24"]
[EventType "team-tourn"]
[EventCountry "WLS"]
[SourceDate "2017.07.26"]

1. d4 Nf6 2. c4 g6 3. g3 Bg7 4. Nf3 d5 5. Bg2 O-O 6. O-O dxc4 7. Qc2 c6 8. Qxc4
Be6 9. Qc2 Qb6 10. e4 Na6 11. b3 Nb4 12. Qe2 Qb5 13. Re1 Qxe2 14. Rxe2 Rfd8 15.
Nc3 c5 16. Be3 Nc6 17. Rd1 cxd4 18. Nxd4 Nxd4 19. Bxd4 Rac8 20. e5 Rxc3 21.
Red2 Rc7 22. exf6 Bxf6 23. h4 Bxd4 24. Rxd4 Rxd4 25. Rxd4 Rc1+ 26. Kh2 Rc2 27.
Ra4 Rxf2 1/2-1/2

[Event "Robinson Cup 2017"]
[Site "Cardiff"]
[Date "2017.07.24"]
[Round "1.2"]
[White "Volland, Ben"]
[Black "Rathbone-Jones, Ifan"]
[Result "0-1"]
[WhiteElo "1723"]
[BlackElo "1599"]
[PlyCount "60"]
[EventDate "2017.07.24"]
[EventType "team-tourn"]
[EventCountry "WLS"]
[SourceDate "2017.07.26"]

1. c4 e6 2. g3 d5 3. Bg2 Nf6 4. Nc3 g6 5. d4 c6 6. Bg5 Nbd7 7. cxd5 exd5 8. Nf3
Bg7 9. O-O O-O 10. Qd2 Nb6 11. b3 Bf5 12. h3 Qc8 13. Qf4 Nh5 14. Qh4 f6 15. Bd2
Qe8 16. g4 g5 17. Nxg5 fxg5 18. Qxg5 Kh8 19. Be3 Rg8 20. Qxf5 Ng3 21. fxg3
Qxe3+ 22. Qf2 Qxf2+ 23. Kxf2 Bxd4+ 24. e3 Bxc3 25. Rad1 Be5 26. Bf3 Rae8 27.
Kg2 Bc7 28. Rd4 Rxe3 29. g5 Rxg5 30. h4 Rxg3+ 0-1

[Event "Robinson Cup 2017"]
[Site "Cardiff"]
[Date "2017.07.24"]
[Round "2.1"]
[White "Murphy, Adam"]
[Black "Guha, Chirag"]
[Result "0-1"]
[WhiteElo "1526"]
[BlackElo "1776"]
[PlyCount "90"]
[EventDate "2017.07.24"]
[EventType "team-tourn"]
[EventCountry "WLS"]
[SourceDate "2017.07.26"]

1. d4 d5 2. Nf3 Nf6 3. e3 e6 4. Bd3 Be7 5. O-O Nbd7 6. Nbd2 O-O 7. Re1 c5 8. c3
c4 9. Bc2 b5 10. e4 dxe4 11. Nxe4 Bb7 12. Qe2 Qc7 13. Bg5 Rfe8 14. Rad1 a5 15.
Nxf6+ Nxf6 16. Ne5 Bd5 17. Ng4 Nxg4 18. Qxg4 f5 19. Qh4 Bxg5 20. Qxg5 Rf8 21.
Re3 Rf6 22. Rg3 Raf8 23. Qh5 Kh8 24. Qe2 Qf7 25. f4 Rg6 26. Qe3 Rxg3 27. Qxg3
Qh5 28. Re1 Rf6 29. Bd1 Qf7 30. Re2 b4 31. Qe3 Rg6 32. Qe5 Qb7 33. g3 bxc3 34.
bxc3 h6 35. Re1 Rf6 36. Be2 Rf8 37. Bf1 Qb2 38. Qe2 Qxc3 39. Bg2 Qxd4+ 40. Kf1
Rd8 41. Bxd5 Qxd5 42. Kg1 c3 43. Qc2 Qc5+ 44. Kh1 Rd2 45. Qb3 Qc6+ 0-1

[Event "Robinson Cup 2017"]
[Site "Cardiff"]
[Date "2017.07.24"]
[Round "2.2"]
[White "Rathbone-Jones, Ifan"]
[Black "Hunter, Sean"]
[Result "0-1"]
[WhiteElo "1599"]
[BlackElo "1562"]
[Annotator ",jthornton126@btinter"]
[PlyCount "120"]
[EventDate "2017.07.24"]
[EventType "team-tourn"]
[EventCountry "WLS"]
[SourceDate "2017.07.26"]

1. e4 e5 2. d4 exd4 3. c3 dxc3 4. Bc4 cxb2 5. Bxb2 d5 6. Bxd5 Nf6 7. Bxf7+ Kxf7
8. Qxd8 Bb4+ 9. Qd2 Bxd2+ 10. Nxd2 Re8 11. Rc1 Nc6 12. f3 Be6 13. a3 Rad8 14.
Ne2 Rd7 15. e5 Nd5 16. Ne4 Rdd8 17. O-O Kg8 18. f4 Nce7 19. Nd4 Bf5 20. Ng3 g6
21. Ngxf5 Nxf5 22. Nb5 c6 23. Nc3 Nxc3 24. Bxc3 Rd3 25. Bb4 Kf7 26. Rfe1 Ke6
27. Kf2 Red8 28. Rb1 b6 29. g4 Nh4 30. Re3 R8d4 31. Ke2 Rxe3+ 32. Kxe3 c5 33.
Rg1 $4 g5 $2 34. fxg5 Kd5 35. Bc3 Re4+ 36. Kf2 Rf4+ 37. Kg3 Rf3+ 38. Kxh4 Rxc3
39. Re1 Ke6 40. g6 hxg6 41. Kg5 Rxa3 42. Kxg6 Rh3 43. Re2 b5 44. g5 b4 45. Kg7
c4 46. g6 c3 47. Kf8 Rh8+ 48. Kg7 Rc8 49. Re1 c2 50. Rc1 b3 51. Kh7 b2 52. Rxc2
Rxc2 53. g7 Rxh2+ 54. Kg6 Rg2+ 55. Kh7 Rxg7+ 56. Kh8 Rg1 57. Kh7 b1=Q+ 58. Kh8
Qb8+ 59. Kh7 Qg8+ 60. Kh6 Qg6# 0-1

[Event "Robinson Cup 2017"]
[Site "Cardiff"]
[Date "2017.07.24"]
[Round "2.5"]
[White "Phelan, Leo"]
[Black "Jaberansari, Daniel"]
[Result "1-0"]
[WhiteElo "1572"]
[BlackElo "1387"]
[PlyCount "97"]
[EventDate "2017.07.24"]
[EventType "team-tourn"]
[EventCountry "WLS"]
[SourceDate "2017.07.26"]

1. e4 e6 2. d4 d5 3. exd5 exd5 4. Bd3 c6 5. Bf4 Bd6 6. Bxd6 Qxd6 7. Nf3 Ne7 8.
c3 Bf5 9. O-O O-O 10. Re1 Bxd3 11. Qxd3 Ng6 12. Nbd2 Nd7 13. Nf1 Nf6 14. Ng3
Rfe8 15. Qc2 Qc7 16. a4 a5 17. b3 b5 18. Qa2 Qb6 19. axb5 Rxe1+ 20. Nxe1 cxb5
21. Nd3 b4 22. Nxb4 Rc8 23. Qxa5 Qxa5 24. Rxa5 Rxc3 25. Nxd5 Nxd5 26. Rxd5 Rxb3
27. Rd8+ Nf8 28. h3 Rd3 29. Kf1 g6 30. Ke2 Ra3 31. d5 Ra4 32. d6 Rd4 33. Ke3
Rd1 34. Ne4 Kg7 35. Nd2 Re1+ 36. Kf3 Re5 37. Nc4 Rc5 38. Nb6 Rc6 39. Nc8 Rc1
40. Ke2 Rc4 41. Nb6 Rc6 42. d7 Rd6 43. Ke3 Rd1 44. Ke4 Rd6 45. Ke5 Rd1 46. Nd5
Re1+ 47. Ne3 Ne6 48. Re8 Ra1 49. Rxe6 1-0

[Event "Robinson Cup 2017"]
[Site "Cardiff"]
[Date "2017.07.24"]
[Round "2.6"]
[White "Fowler, Caspian"]
[Black "Hunter, Eoin"]
[Result "0-1"]
[WhiteElo "1234"]
[BlackElo "1469"]
[Annotator ",jthornton126@btinter"]
[PlyCount "54"]
[EventDate "2017.07.24"]
[EventType "team-tourn"]
[EventCountry "WLS"]
[SourceDate "2017.07.26"]
[WhiteTeam "WLS"]

1. e4 e5 2. Nf3 Nc6 3. Bb5 a6 4. Bxc6 dxc6 5. O-O Bd6 6. d4 Bg4 7. dxe5 Bxf3 8.
Qxf3 Bxe5 9. Nc3 Nf6 10. Bg5 h6 11. Bf4 Qe7 12. Rad1 O-O 13. Rfe1 Rfe8 14. Rd3
Rad8 15. Rxd8 Rxd8 16. h3 Re8 17. Bxe5 Qxe5 18. Qd3 Nh5 19. a3 Nf6 20. Re3 Re7
21. b4 Rd7 22. Qe2 Rd6 23. Rd3 Nh5 24. Qe3 Nf4 25. Rd2 $4 Qg5 26. g4 Rxd2 27.
Qg3 Rxc2 0-1

[Event "Robinson Cup 2017"]
[Site "Cardiff"]
[Date "2017.07.24"]
[Round "2.1"]
[White "Sanger, Jake M"]
[Black "Salmons, Calum"]
[Result "0-1"]
[WhiteElo "1794"]
[BlackElo "1745"]
[PlyCount "106"]
[EventDate "2017.07.24"]
[EventType "team-tourn"]
[EventCountry "WLS"]
[SourceDate "2017.07.26"]

1. e4 c5 2. Nc3 Nc6 3. g3 g6 4. Bg2 Bg7 5. d3 e6 6. Be3 b6 7. Qd2 Nge7 8. Nge2
O-O 9. f4 d5 10. exd5 exd5 11. Bf2 Be6 12. h3 d4 13. Nd1 Bd5 14. O-O Re8 15. g4
h5 16. gxh5 Bxg2 17. Kxg2 Qd5+ 18. Kh2 Qxh5 19. Ng3 Qd5 20. c4 Qd7 21. Ne4 Nf5
22. h4 Nd6 23. Nxd6 Qxd6 24. Bg3 Re7 25. Nf2 f5 26. Rfe1 Rae8 27. a3 Nb8 28.
Nh3 Nd7 29. Rxe7 Rxe7 30. Re1 Nf6 31. Nf2 Bh6 32. Rxe7 Qxe7 33. Nd1 Qd6 34. Nf2
a6 35. b3 b5 36. Kh3 Nh5 37. cxb5 axb5 38. a4 bxa4 39. bxa4 Bxf4 40. Qa2+ Kf8
41. Bxf4 Nxf4+ 42. Kh2 Nxd3+ 43. Kg2 Qd5+ 44. Qxd5 Nf4+ 45. Kf3 Nxd5 46. Nd3 c4
47. Ne5 c3 48. Nxg6+ Kg7 49. Ne5 c2 50. Nd3 Nb4 51. Nc1 d3 52. Ke3 f4+ 53. Kd2
f3 0-1

[Event "Robinson Cup 2017"]
[Site "Cardiff"]
[Date "2017.07.24"]
[Round "2.2"]
[White "Howell, Oliver W"]
[Black "Volland, Ben"]
[Result "0-1"]
[WhiteElo "1701"]
[BlackElo "1723"]
[PlyCount "70"]
[EventDate "2017.07.24"]
[EventType "team-tourn"]
[EventCountry "WLS"]
[SourceDate "2017.07.26"]
[WhiteTeam "ENG"]

1. e4 e5 2. Nf3 Nc6 3. Bb5 a6 4. Ba4 Nf6 5. O-O b5 6. Bb3 Be7 7. a4 Bb7 8. Re1
d6 9. c3 Na5 10. Bc2 c5 11. axb5 axb5 12. d4 Nc6 13. Rxa8 Qxa8 14. Na3 Ba6 15.
Bd3 c4 16. Bc2 O-O 17. h3 Rd8 18. Nh4 exd4 19. cxd4 b4 20. d5 Nb8 21. Nf5 Bf8
22. Bg5 Nbd7 23. e5 dxe5 24. Nb1 Bb7 25. Ba4 h6 26. Bxf6 Nxf6 27. Rxe5 Bxd5 28.
Rxd5 Rxd5 29. Qc2 b3 30. Nxh6+ gxh6 31. Qxc4 Rd1+ 32. Kh2 Rxb1 33. Bxb3 Qd5 34.
Qc3 Bd6+ 35. g3 Rh1# 0-1

[Event "Robinson Cup 2017"]
[Site "Cardiff"]
[Date "2017.07.24"]
[Round "2.3"]
[White "D'Alessio, Marco"]
[Black "Watson, Mikey J"]
[Result "1-0"]
[WhiteElo "1562"]
[BlackElo "1719"]
[PlyCount "73"]
[EventDate "2017.07.24"]
[EventType "team-tourn"]
[EventCountry "WLS"]
[SourceDate "2017.07.26"]

1. e4 c6 2. d4 d5 3. exd5 cxd5 4. c4 Nf6 5. Nc3 Nc6 6. Nf3 Bg4 7. Be3 e6 8. Be2
dxc4 9. Bxc4 Be7 10. h3 Bh5 11. O-O O-O 12. d5 Na5 13. Bb3 Nxb3 14. Qxb3 Bxf3
15. gxf3 Qc8 16. Kg2 e5 17. Ne4 Rd8 18. Rac1 Qd7 19. Rfd1 b6 20. d6 Bf8 21. Rc7
Qe8 22. Bg5 Nxe4 23. Bxd8 Nc5 24. Rxc5 bxc5 25. Bc7 Qd7 26. Qd5 Re8 27. Qxc5
Re6 28. Qxa7 Qc6 29. Qe3 Qa4 30. Qd3 Qh4 31. d7 Qg5+ 32. Kf1 Qh4 33. d8=Q Qxh3+
34. Ke2 e4 35. Qxf8+ Kxf8 36. Qd8+ Re8 37. Bd6+ 1-0

[Event "Robinson Cup 2017"]
[Site "Cardiff"]
[Date "2017.07.24"]
[Round "2.4"]
[White "Atara, Omeet J"]
[Black "McKay, Jonathan"]
[Result "0-1"]
[WhiteElo "1616"]
[BlackElo "1406"]
[PlyCount "67"]
[EventDate "2017.07.24"]
[EventType "team-tourn"]
[EventCountry "WLS"]
[SourceDate "2017.07.26"]
[WhiteTeam "ENG A"]

1. d4 Nf6 2. Nf3 g6 3. g3 Bg7 4. Bg2 O-O 5. O-O d6 6. c4 Nc6 7. Nc3 a6 8. e4
Bg4 9. Be3 Bxf3 10. Bxf3 Nd7 11. Bg2 e5 12. d5 Nd4 13. Bxd4 exd4 14. Ne2 d3 15.
Qxd3 Bxb2 16. Rab1 Nc5 17. Qc2 Bg7 18. Nf4 Re8 19. Rfe1 Qe7 20. Nd3 Nxd3 21.
Qxd3 Reb8 22. a4 Qd7 23. Qa3 b5 24. Rb4 Bd4 25. Rbb1 bxc4 26. Bf1 c3 27. Rbd1
Bg7 28. Rc1 Qc8 29. f4 Bd4+ 30. Kh1 Qb7 31. Rb1 Qxb1 32. Rxb1 Rxb1 33. Qa2
Rxf1+ 34. Kg2 0-1

[Event "Robinson Cup 2017"]
[Site "Cardiff"]
[Date "2017.07.24"]
[Round "2.1"]
[White "Melaugh, Gavin"]
[Black "Rachid, Alexandre"]
[Result "1-0"]
[WhiteElo "1907"]
[BlackElo "2044"]
[PlyCount "121"]
[EventDate "2017.07.24"]
[EventType "team-tourn"]
[EventCountry "WLS"]
[SourceDate "2017.07.26"]

1. c4 e5 2. Nc3 Nf6 3. g3 d5 4. cxd5 Nxd5 5. Bg2 Nb6 6. d3 Nc6 7. Nf3 Be7 8.
O-O Be6 9. Be3 O-O 10. Ne4 Nd5 11. Bc5 f6 12. Rc1 Qe8 13. Bxe7 Ncxe7 14. Nc5
Bf7 15. Bh3 Ng6 16. e4 Nb4 17. a3 b6 18. Nd7 Na6 19. Nxf8 Nxf8 20. Qe2 Nc5 21.
b4 Nce6 22. Qe3 Rd8 23. Rfd1 Bh5 24. Bg2 Qa4 25. h3 Bxf3 26. Bxf3 Qxa3 27. Ra1
Qxb4 28. Rxa7 Qd6 29. Qc1 c5 30. Qc4 Rb8 31. Rb1 Kh8 32. Bg4 Nd8 33. Ra6 g6 34.
h4 h5 35. Bh3 Nfe6 36. Bxe6 Nxe6 37. Qd5 Qxd5 38. exd5 Nc7 39. Raxb6 Rxb6 40.
Rxb6 Nxd5 41. Rd6 Nb4 42. Rxf6 Nxd3 43. Rxg6 Kh7 44. Rc6 Kg7 45. Kf1 Kf7 46.
Ke2 e4 47. Ke3 Ke7 48. Kxe4 Nxf2+ 49. Ke3 Ng4+ 50. Kf4 Nf2 51. Ke3 Ng4+ 52. Ke4
Nf2+ 53. Kf5 Nd3 54. Kg5 Kd7 55. Ra6 c4 56. Ra3 Kc6 57. Kxh5 Kb5 58. g4 Kb4 59.
Ra1 Kb3 60. g5 c3 61. g6 1-0

[Event "Robinson Cup 2017"]
[Site "Cardiff"]
[Date "2017.07.24"]
[Round "2.2"]
[White "Bassini, Emile"]
[Black "Ruchko, Denis"]
[Result "0-1"]
[WhiteElo "2028"]
[BlackElo "1774"]
[PlyCount "54"]
[EventDate "2017.07.24"]
[EventType "team-tourn"]
[EventCountry "WLS"]
[SourceDate "2017.07.26"]
[WhiteTeam "FRA"]

1. e4 c6 2. d4 d5 3. e5 Bf5 4. Nf3 e6 5. Be2 c5 6. Be3 Nd7 7. c4 Ne7 8. dxc5
dxc4 9. Nbd2 c3 10. Nc4 Nc6 11. bxc3 Nxc5 12. Nd4 Nxd4 13. cxd4 Nd7 14. Qb3 Be4
15. Rc1 Be7 16. Bd2 O-O 17. h4 Nb6 18. Qg3 Kh8 19. Bg5 Nxc4 20. Rxc4 Qa5+ 21.
Bd2 Qxa2 22. Rc7 Bb4 23. Bxb4 Qb1+ 24. Bd1 Qxb4+ 25. Kf1 Qxd4 26. Rc1 Rac8 27.
Qa3 Qd3+ 0-1

[Event "Robinson Cup 2017"]
[Site "Cardiff"]
[Date "2017.07.24"]
[Round "2.3"]
[White "Remenyik, David"]
[Black "Motoyama, Enzo-Ryadh"]
[Result "1/2-1/2"]
[WhiteElo "1737"]
[BlackElo "1974"]
[PlyCount "119"]
[EventDate "2017.07.24"]
[EventType "team-tourn"]
[EventCountry "WLS"]
[SourceDate "2017.07.26"]

1. d4 Nf6 2. Nf3 g6 3. c4 Bg7 4. Nc3 d5 5. e3 O-O 6. Qb3 dxc4 7. Bxc4 Nbd7 8.
O-O c5 9. Rd1 cxd4 10. Nxd4 a6 11. Nd5 e5 12. Nf3 Nxd5 13. Bxd5 Qf6 14. Bd2 Nb6
15. Bc3 Nd7 16. Rd2 Re8 17. Rad1 Rb8 18. Ng5 Re7 19. Nxf7 Rxf7 20. Bxf7+ Qxf7
21. Qxf7+ Kxf7 22. Rxd7+ Bxd7 23. Rxd7+ Kf8 24. g3 Bf6 25. Rxh7 b5 26. Bb4+ Ke8
27. Ra7 Rb6 28. Kg2 e4 29. b3 Rc6 30. Kg1 Bd8 31. Ra8 Kd7 32. Ra7+ Ke6 33. Kg2
Bc7 34. Ra8 Kd7 35. Rf8 a5 36. Be1 Rc1 37. Bd2 Rc2 38. Rf7+ Kc6 39. Rxc7+ Kxc7
40. Bxa5+ Kd6 41. a3 Rb2 42. h3 Rxb3 43. g4 Rb2 44. Kg3 Kd5 45. h4 Ke6 46. Bc3
Rc2 47. Bb4 Rb2 48. Bc3 Rc2 49. Bb4 Ra2 50. Bc5 Kd5 51. Bb4 Ke6 52. Bc5 Kd5 53.
Bb4 Ke6 54. Bc5 Kd5 55. Bf8 Ke6 56. Bc5 Kd5 57. Bf8 Ke6 58. Bb4 Rc2 59. Kg2 Ra2
60. Kg3 1/2-1/2

[Event "Robinson Cup 2017"]
[Site "Cardiff"]
[Date "2017.07.24"]
[Round "2.4"]
[White "Randrianarimanana, Alicia"]
[Black "Naughton, James"]
[Result "0-1"]
[WhiteElo "1752"]
[BlackElo "1783"]
[PlyCount "64"]
[EventDate "2017.07.24"]
[EventType "team-tourn"]
[EventCountry "WLS"]
[SourceDate "2017.07.26"]

1. d4 d5 2. Nf3 Nf6 3. e3 Bf5 4. c4 c6 5. Nc3 e6 6. Be2 Nbd7 7. O-O Be7 8. b3
h6 9. Bb2 O-O 10. Nd2 e5 11. dxe5 Nxe5 12. Nxd5 Nxd5 13. Bxe5 Nf6 14. Nf3 Qb6
15. Qd4 c5 16. Qf4 Bh7 17. Rfd1 Nh5 18. Qg4 Nf6 19. Qg3 Qe6 20. Bb2 Rac8 21.
Ne1 Rfd8 22. Nd3 Qf5 23. f4 Rc7 24. Ne5 Qc2 25. Rxd8+ Bxd8 26. Bd3 Bxd3 27.
Nxd3 Qxd3 28. Rf1 Qe2 29. Be5 Rd7 30. a3 Rd1 31. Rxd1 Qxd1+ 32. Kf2 Ne4# 0-1